zpět

Detail výsledku týmu

Dělnický dům, Jihlava

Datum a čas kvízu

28 Celkem bodů Celkový počet nahraných bodů na tomto kvízu bez doplňovacích otázek.
6. Pořadí na kvízu Konečné umístění týmu na tomto kvízu.

Zaznamenané odpovědi

# Otázka Odpověď Body Výsledky
1. Vláda ve středu večer slavnost... začátek II. světové války – 1938 místo 1939 0
2. Minulý týden bylo rozhodnuto o... Julian Assange 1
3. Jedna z hlavních postav animov... (Buzz) Rakeťák 1
4. Společnost Apple následovala m... Ulož.to 1
5. Basketbalová NBA již zná svého... Golden State Warriors 1
6. V následujících pěti otázkách... Vykoupení z věznice Shawshank; Tim Robbins a Morgan Freeman 0.5
7. Pokračujeme snímkem Pulp Ficti... 1C 2B 3D 4A 1
8. V roce 2013 byl natočen životo... James Hunt, Niki Lauda 1
9. Herci Zdeněk Svěrák a Daniela... Na samotě u lesa, Akumulátor I, Vratné lahve, Betlémské světlo 0.5
10. Přiřaďte k sobě herecké předst... 1B 2A 3D 4C 1